[Event "Barbera Vs Valls"]
[Site "Barbera de Valles"]
[Date "2023.02.04"]
[Round "3.1"]
[White "Alsina Leal, Daniel"]
[Black "Romain, Edouard"]
[Result "1/2-1/2"]
[TimeControl "90'+30\""]
[WhiteTitle "GM"]
[BlackTitle "GM"]
[WhiteFideId "2252627"]
[BlackFideId "633429"]
[WhiteElo "2520"]
[BlackElo "2537"]

1. e4 {[%emt 00:01:08]} c5 {[%clk 01:29:36]} {[%emt 00:00:20]} 2. Nf3 {[%clk
01:31:11]} {[%emt 00:00:14]} d6 {[%clk 01:29:52]} {[%emt 00:00:14]} 3. d4
{[%clk 01:31:31]} {[%emt 00:00:10]} cxd4 {[%clk 01:30:01]} {[%emt 00:00:22]} 4.
Nxd4 {[%emt 00:00:07]} Nf6 {[%clk 01:30:27]} 5. Nc3 {[%clk 01:32:19]} {[%emt
00:00:06]} Nc6 {[%clk 01:30:54]} {[%emt 00:00:04]} 6. Bg5 {[%clk 01:32:32]}
{[%emt 00:00:17]} g6 {[%clk 01:31:19]} {[%emt 00:00:05]} 7. Bxf6 {[%clk
01:32:38]} {[%emt 00:00:25]} exf6 {[%emt 00:00:48]} 8. Bb5 {[%clk 01:32:09]}
{[%emt 00:00:13]} Bd7 {[%emt 00:02:16]} 9. Qd2 {[%clk 01:30:26]} {[%emt
00:00:02]} Bg7 {[%emt 00:00:56]} 10. O-O-O {[%emt 00:00:11]} O-O {[%clk
01:32:38]} {[%emt 00:00:02]} 11. Nb3 {[%emt 00:07:37]} a6 {[%emt 00:12:36]} 12.
Be2 {[%emt 00:05:38]} Qb6 {[%emt 00:03:10]} 13. Qxd6 {[%emt 00:02:14]} Be6
{[%emt 00:05:24]} 14. Qc5 {[%clk 01:10:27]} {[%emt 00:00:29]} Qc7 {[%emt
00:09:17]} 15. Nd5 {[%emt 00:01:24]} Qe5 {[%emt 00:02:21]} 16. Nb6 {[%clk
00:58:01]} {[%emt 00:00:48]} Qf4+ {[%emt 00:11:09]} 17. Nd2 {[%clk 00:46:53]}
{[%emt 00:00:38]} Rad8 {[%clk 01:20:00]} {[%emt 00:00:22]} 18. g3 {[%clk
00:46:59]} {[%emt 00:00:25]} Qb8 {[%emt 00:05:39]} 19. Bc4 {[%clk 00:40:41]}
{[%emt 00:01:23]} Rfe8 {[%emt 00:02:33]} 20. Bxe6 {[%clk 00:37:44]} {[%emt
00:02:04]} Rxe6 {[%clk 01:19:56]} {[%emt 00:00:08]} 21. Nd5 {[%clk 00:35:30]}
{[%emt 00:02:44]} f5 {[%clk 01:17:14]} {[%emt 00:03:13]} 22. f3 {[%emt
00:22:54]} b5 {[%clk 01:08:35]} {[%emt 00:02:18]} 23. Nf4 {[%clk 00:18:16]}
{[%emt 00:02:11]} Red6 {[%clk 01:03:08]} {[%emt 00:05:57]} 24. Nb3 {[%clk
00:15:26]} {[%emt 00:03:21]} Nd4 {[%clk 01:00:14]} {[%emt 00:03:24]} 25. Nxd4
{[%clk 00:14:12]} {[%emt 00:01:44]} Bxd4 {[%clk 01:00:40]} {[%emt 00:00:04]} 26.
Qa3 {[%clk 00:12:03]} {[%emt 00:02:39]} fxe4 {[%clk 01:00:38]} {[%emt
00:00:32]} 27. fxe4 {[%clk 00:12:15]} {[%emt 00:00:17]} R6d7 {[%clk 00:58:35]}
{[%emt 00:02:32]} 28. Qf3 {[%emt 00:10:43]} Bg7 {[%clk 00:45:01]} {[%emt
00:09:37]} 29. Rxd7 {[%clk 00:05:46]} {[%emt 00:01:14]} Rxd7 {[%clk 00:45:29]}
30. Rd1 {[%clk 00:05:45]} {[%emt 00:00:31]} Re7 {[%clk 00:45:50]} {[%emt
00:00:09]} 31. Nd5 {[%clk 00:04:03]} {[%emt 00:02:13]} Re6 {[%clk 00:46:05]}
{[%emt 00:00:15]} 32. Rf1 {[%clk 00:03:29]} {[%emt 00:01:04]} 1/2-1/2

[Event "Barbera Vs Valls"]
[Site "Barbera de Valles"]
[Date "2023.02.04"]
[Round "3.2"]
[White "Peralta, Fernando"]
[Black "Cuartas Medina, Jaime Alexander"]
[Result "0-1"]
[TimeControl "90'+30\""]
[WhiteTitle "GM"]
[BlackTitle "GM"]
[WhiteFideId "105309"]
[BlackFideId "4401190"]
[WhiteElo "2596"]
[BlackElo "2507"]

1. d4 {[%emt 00:58:06]} Nf6 {[%emt 00:07:02]} 2. c4 {[%emt 00:00:16]} e6 {[%emt
00:00:15]} 3. Nc3 {[%emt 00:00:21]} Bb4 {[%emt 00:00:22]} 4. e3 {[%emt
00:00:06]} b6 {[%emt 00:00:05]} 5. Bd3 {[%emt 00:03:09]} Bb7 {[%emt 00:00:05]}
6. Nf3 {[%emt 00:00:05]} c5 {[%emt 00:00:13]} 7. O-O {[%emt 00:00:47]} O-O
{[%emt 00:00:04]} 8. Bd2 {[%emt 00:05:38]} d6 {[%emt 00:00:27]} 9. a3 {[%emt
00:01:02]} Bxc3 {[%emt 00:00:07]} 10. Bxc3 {[%emt 00:00:03]} Nbd7 {[%emt
00:00:18]} 11. Nd2 {[%emt 00:02:24]} cxd4 {[%emt 00:01:17]} 12. exd4 {[%emt
00:01:11]} d5 {[%emt 00:04:03]} 13. b3 {[%emt 00:00:36]} Qb8 {[%emt 00:00:47]}
14. Re1 {[%emt 00:05:23]} Re8 {[%emt 00:00:34]} 15. Bb2 {[%emt 00:07:28]} e5
{[%emt 00:06:26]} 16. dxe5 {[%emt 00:17:29]} Nxe5 {[%emt 00:00:06]} 17. Bf1
{[%emt 00:00:06]} Qc7 {[%emt 00:11:35]} 18. Bxe5 {[%emt 00:14:43]} Rxe5 {[%emt
00:00:07]} 19. Rxe5 {[%emt 00:00:03]} Qxe5 {[%emt 00:00:11]} 20. Nf3 {[%emt
00:00:08]} Qe7 {[%emt 00:02:27]} 21. Qe1 {[%emt 00:02:58]} Qxe1 {[%emt
00:01:32]} 22. Rxe1 {[%emt 00:00:32]} dxc4 {[%emt 00:01:03]} 23. Bxc4 {[%emt
00:00:13]} Bxf3 {[%emt 00:00:17]} 24. gxf3 {[%emt 00:00:05]} Kf8 {[%emt
00:00:27]} 25. Rd1 {[%emt 00:01:18]} Rc8 {[%emt 00:01:02]} 26. Kg2 {[%emt
00:03:06]} Rc7 {[%emt 00:03:20]} 27. f4 {[%emt 00:01:29]} Ne4 {[%emt 00:06:40]}
28. Kf3 {[%emt 00:02:06]} Nc5 {[%emt 00:03:27]} 29. f5 {[%emt 00:04:30]} Nxb3
{[%emt 00:03:38]} 30. Bb5 {[%emt 00:09:01]} Ke7 {[%emt 00:01:56]} 31. Kf4
{[%emt 00:00:32]} Nc5 {[%emt 00:00:26]} 32. Re1+ {[%emt 00:03:48]} Kf6 {[%emt
00:00:46]} 33. Rd1 {[%emt 00:00:07]} g5+ {[%emt 00:03:01]} 34. fxg6 {[%emt
00:00:31]} hxg6 {[%emt 00:00:07]} 35. Ke3 {[%emt 00:04:58]} Re7+ {[%emt
00:02:08]} 36. Kf3 {[%emt 00:00:09]} Ne4 {[%emt 00:00:15]} 37. Bc6 {[%emt
00:01:42]} Ng5+ {[%emt 00:00:37]} 38. Kg2 {[%emt 00:01:30]} Rc7 {[%emt
00:00:06]} 39. Ba8 {[%emt 00:01:31]} Ne6 {[%emt 00:00:14]} 40. Re1 {[%emt
00:03:53]} Rc3 {[%emt 00:00:16]} 41. Re3 {[%emt 00:00:30]} Rxe3 {[%emt
00:00:21]} 42. fxe3 {[%emt 00:00:04]} Ke5 {[%emt 00:00:18]} 43. h4 {[%emt
00:00:51]} Ng7 {[%emt 00:00:56]} 44. e4 {[%emt 00:00:50]} Kf4 {[%emt 00:07:41]}
45. Kh3 {[%emt 00:01:51]} Ne8 {[%emt 00:02:08]} 46. Bd5 {[%emt 00:02:16]} Nd6
{[%emt 00:00:08]} 47. a4 {[%emt 00:01:48]} f6 {[%emt 00:01:06]} 48. Bc6 {[%emt
00:00:28]} Nxe4 {[%emt 00:01:02]} 49. Be8 {[%emt 00:00:03]} g5 {[%emt
00:01:15]} 50. h5 {[%emt 00:00:40]} Nf2+ {[%emt 00:00:21]} 0-1

[Event "Barbera Vs Valls"]
[Site "Barbera de Valles"]
[Date "2023.02.04"]
[Round "3.3"]
[White "Asis Gargatagli, Hipolito"]
[Black "Gonzalez Garcia, Jose"]
[Result "1/2-1/2"]
[TimeControl "90'+30\""]
[WhiteTitle "GM"]
[BlackTitle "GM"]
[WhiteFideId "2260735"]
[BlackFideId "5101174"]
[WhiteElo "2501"]
[BlackElo "2458"]

1. e4 {[%emt 00:01:02]} e6 {[%clk 01:29:58]} {[%emt 00:00:03]} 2. d4 {[%clk
01:31:14]} {[%emt 00:00:13]} d5 {[%clk 01:30:23]} {[%emt 00:00:05]} 3. Nc3
{[%clk 01:31:30]} {[%emt 00:00:14]} Nf6 {[%clk 01:30:28]} {[%emt 00:00:25]} 4.
e5 {[%clk 01:31:26]} {[%emt 00:00:34]} Nfd7 {[%clk 01:30:36]} {[%emt 00:00:22]}
5. f4 {[%clk 01:31:42]} {[%emt 00:00:14]} c5 {[%clk 01:30:59]} {[%emt
00:00:06]} 6. Nf3 {[%clk 01:32:06]} {[%emt 00:00:07]} Nc6 {[%clk 01:31:25]}
{[%emt 00:00:05]} 7. Be3 {[%clk 01:32:31]} {[%emt 00:00:05]} a6 {[%clk
01:31:21]} {[%emt 00:00:35]} 8. a3 {[%clk 01:32:36]} {[%emt 00:00:25]} cxd4
{[%clk 01:31:03]} {[%emt 00:00:48]} 9. Nxd4 {[%clk 01:32:53]} {[%emt 00:00:13]}
Bc5 {[%clk 01:31:25]} {[%emt 00:00:07]} 10. Qd2 {[%clk 01:32:57]} {[%emt
00:00:26]} g5 {[%clk 01:30:06]} {[%emt 00:01:48]} 11. Nf3 {[%clk 01:25:19]}
{[%emt 00:08:08]} d4 {[%clk 01:29:52]} {[%emt 00:00:44]} 12. Bxd4 {[%clk
01:25:39]} {[%emt 00:00:11]} Nxd4 {[%clk 01:30:14]} {[%emt 00:00:08]} 13. Nxd4
{[%clk 01:26:04]} {[%emt 00:00:05]} gxf4 {[%clk 01:30:37]} {[%emt 00:00:07]} 14.
Qxf4 {[%clk 01:18:26]} {[%emt 00:08:08]} Nxe5 {[%clk 01:30:25]} {[%emt
00:00:42]} 15. O-O-O {[%clk 01:11:39]} {[%emt 00:07:18]} Ng6 {[%clk 01:26:56]}
{[%emt 00:03:58]} 16. Qe4 {[%clk 01:03:40]} {[%emt 00:08:29]} Qf6 {[%clk
01:00:15]} {[%emt 00:27:11]} 17. Nb3 {[%clk 00:49:25]} {[%emt 00:14:44]} Ba7
{[%clk 00:53:16]} {[%emt 00:07:30]} 18. Bxa6 {[%clk 00:38:56]} {[%emt
00:10:59]} O-O {[%clk 00:46:39]} {[%emt 00:07:06]} 19. Bb5 {[%clk 00:30:35]}
{[%emt 00:08:52]} Bb8 {[%clk 00:45:31]} {[%emt 00:01:38]} 20. Kb1 {[%clk
00:29:35]} {[%emt 00:01:30]} Be5 {[%clk 00:43:20]} {[%emt 00:02:40]} 21. Rd3
{[%clk 00:28:28]} {[%emt 00:01:38]} Kh8 {[%clk 00:41:05]} {[%emt 00:02:44]} 22.
h4 {[%clk 00:26:49]} {[%emt 00:02:09]} Qg7 {[%clk 00:39:10]} {[%emt 00:02:25]}
23. g3 {[%clk 00:21:42]} {[%emt 00:05:38]} f5 {[%clk 00:36:18]} {[%emt
00:03:23]} 24. Qe1 {[%clk 00:20:14]} {[%emt 00:01:58]} Bf6 {[%clk 00:35:40]}
{[%emt 00:01:07]} 1/2-1/2

[Event "Barbera Vs Valls"]
[Site "Barbera de Valles"]
[Date "2023.02.04"]
[Round "3.4"]
[White "Iermito, Sebastian"]
[Black "Rizouk, Aimen"]
[Result "1-0"]
[TimeControl "90'+30\""]
[WhiteTitle "IM"]
[BlackTitle "GM"]
[WhiteFideId "114286"]
[BlackFideId "7900309"]
[WhiteElo "2525"]
[BlackElo "2454"]

1. e4 {[%clk 01:30:58]} {[%emt 00:00:02]} e5 {[%clk 01:27:21]} {[%emt
00:03:39]} 2. Nf3 {[%emt 00:00:14]} Nc6 {[%clk 01:27:40]} 3. Nc3 {[%clk
01:31:49]} {[%emt 00:00:05]} Nf6 {[%clk 01:28:03]} {[%emt 00:00:07]} 4. Bb5
{[%clk 01:32:15]} {[%emt 00:00:04]} Bb4 {[%clk 01:27:06]} {[%emt 00:01:27]} 5.
O-O {[%clk 01:32:36]} {[%emt 00:00:09]} O-O {[%clk 01:27:20]} {[%emt 00:00:17]}
6. Bxc6 {[%clk 01:32:50]} {[%emt 00:00:16]} dxc6 {[%clk 01:21:07]} {[%emt
00:06:43]} 7. d3 {[%clk 01:33:08]} {[%emt 00:00:12]} Re8 {[%clk 01:21:10]}
{[%emt 00:00:27]} 8. Ne2 {[%emt 00:01:17]} Nd7 {[%emt 00:00:24]} 9. Ng3 {[%clk
01:33:32]} {[%emt 00:00:01]} Nf8 {[%clk 01:20:25]} {[%emt 00:00:38]} 10. Be3
{[%clk 01:32:12]} {[%emt 00:01:49]} Bd6 {[%clk 01:20:15]} {[%emt 00:00:40]} 11.
Nd2 {[%clk 01:31:28]} {[%emt 00:01:14]} Ne6 {[%clk 01:20:00]} {[%emt 00:00:45]}
12. Nc4 {[%clk 01:19:15]} {[%emt 00:12:43]} c5 {[%emt 00:21:23]} 13. Nxd6
{[%clk 00:57:14]} {[%emt 00:05:22]} cxd6 {[%clk 01:15:58]} {[%emt 00:00:47]} 14.
f4 {[%clk 00:56:20]} {[%emt 00:01:24]} exf4 {[%clk 01:07:29]} 15. Bxf4 {[%clk
00:56:48]} {[%emt 00:09:01]} d5 {[%clk 00:48:32]} {[%emt 00:19:27]} 16. Be3
{[%clk 00:44:46]} {[%emt 00:12:32]} f6 {[%clk 00:44:30]} {[%emt 00:04:32]} 17.
Qh5 {[%clk 00:36:32]} {[%emt 00:08:44]} dxe4 {[%clk 00:38:55]} {[%emt
00:06:06]} 18. Nxe4 {[%clk 00:36:53]} {[%emt 00:00:09]} b6 {[%clk 00:31:02]}
{[%emt 00:08:23]} 19. Nd6 {[%clk 00:16:53]} {[%emt 00:20:30]} Re7 {[%clk
00:31:20]} {[%emt 00:00:12]} 20. Qf3 {[%clk 00:15:10]} {[%emt 00:02:12]} Rb8
{[%clk 00:29:40]} {[%emt 00:02:10]} 21. Qg3 {[%clk 00:14:02]} {[%emt 00:01:38]}
Rc7 {[%clk 00:21:41]} {[%emt 00:08:29]} 22. Rae1 {[%clk 00:11:52]} {[%emt
00:02:40]} Bd7 {[%clk 00:16:50]} {[%emt 00:05:21]} 23. Bh6 {[%clk 00:10:16]}
{[%emt 00:02:06]} Qf8 {[%clk 00:10:32]} {[%emt 00:06:48]} 24. Ne4 {[%clk
00:09:08]} {[%emt 00:01:38]} f5 {[%clk 00:10:04]} {[%emt 00:00:58]} 25. Nd6
{[%clk 00:05:36]} {[%emt 00:04:02]} f4 {[%clk 00:08:50]} {[%emt 00:01:44]} 26.
Bxf4 {[%clk 00:05:28]} {[%emt 00:00:38]} Nxf4 {[%clk 00:09:14]} {[%emt
00:00:06]} 27. Qxf4 {[%clk 00:05:48]} {[%emt 00:00:09]} Qxf4 {[%clk 00:09:39]}
{[%emt 00:00:05]} 28. Rxf4 {[%clk 00:06:15]} {[%emt 00:00:03]} Bc6 {[%clk
00:08:21]} {[%emt 00:01:48]} 29. Nf5 {[%clk 00:03:11]} {[%emt 00:03:33]} Rbb7
{[%clk 00:06:54]} {[%emt 00:01:57]} 30. Nd6 {[%clk 00:02:25]} {[%emt 00:01:16]}
Rb8 {[%clk 00:05:49]} {[%emt 00:01:35]} 31. Nf5 {[%clk 00:02:38]} {[%emt
00:00:17]} Rbb7 {[%clk 00:06:15]} {[%emt 00:00:04]} 32. Ref1 {[%clk 00:03:04]}
{[%emt 00:00:04]} h6 {[%clk 00:06:29]} {[%emt 00:00:17]} 33. Nd6 {[%clk
00:00:53]} {[%emt 00:02:41]} Rb8 {[%clk 00:06:48]} {[%emt 00:00:12]} 34. b3
{[%clk 00:00:39]} {[%emt 00:00:43]} Rd8 {[%clk 00:05:51]} {[%emt 00:01:27]} 35.
Ne4 {[%clk 00:00:50]} {[%emt 00:00:18]} Re7 {[%clk 00:06:03]} {[%emt 00:00:18]}
36. Ng3 {[%clk 00:00:40]} {[%emt 00:00:40]} Rde8 {[%clk 00:05:13]} {[%emt
00:01:21]} 37. h4 {[%clk 00:00:44]} {[%emt 00:00:26]} Re3 {[%clk 00:04:05]}
{[%emt 00:01:38]} 38. Nf5 {[%clk 00:00:39]} {[%emt 00:00:35]} Re1 {[%clk
00:02:28]} {[%emt 00:02:07]} 39. Rxe1 {[%clk 00:00:47]} {[%emt 00:00:22]} Rxe1+
{[%clk 00:02:56]} {[%emt 00:00:02]} 40. Kf2 {[%clk 00:00:57]} {[%emt 00:00:19]}
Re5 {[%clk 00:03:07]} {[%emt 00:00:19]} 41. Ne3 {[%clk 00:01:06]} {[%emt
00:00:22]} Re7 {[%clk 00:03:07]} {[%emt 00:00:30]} 42. Nf5 {[%clk 00:00:43]}
{[%emt 00:00:52]} Re5 {[%clk 00:03:24]} {[%emt 00:00:13]} 43. Ne3 {[%clk
00:00:38]} {[%emt 00:00:35]} Re7 {[%clk 00:03:49]} {[%emt 00:00:06]} 44. Nc4
{[%clk 00:00:43]} {[%emt 00:00:24]} Bd5 {[%clk 00:03:51]} {[%emt 00:00:28]} 45.
Nd2 {[%clk 00:00:51]} {[%emt 00:00:21]} Bc6 {[%clk 00:03:42]} {[%emt 00:00:40]}
46. Nf3 {[%clk 00:01:09]} {[%emt 00:00:12]} Bb7 {[%clk 00:01:59]} {[%emt
00:02:13]} 47. g4 {[%clk 00:01:24]} {[%emt 00:00:15]} Bc6 {[%clk 00:01:57]}
{[%emt 00:00:33]} 48. h5 {[%clk 00:01:04]} {[%emt 00:00:50]} Bd7 {[%clk
00:01:45]} {[%emt 00:00:42]} 49. Nh4 {[%clk 00:01:17]} {[%emt 00:00:16]} Re8
{[%clk 00:00:57]} {[%emt 00:01:18]} 50. Ng6 {[%clk 00:01:09]} {[%emt 00:00:38]}
Be6 {[%clk 00:01:23]} {[%emt 00:00:04]} 51. Kg3 {[%clk 00:00:59]} {[%emt
00:00:40]} Bd5 {[%clk 00:01:25]} {[%emt 00:00:28]} 52. Kf2 {[%clk 00:00:35]}
{[%emt 00:00:54]} Bc6 {[%clk 00:00:46]} {[%emt 00:01:09]} 53. Nh4 {[%clk
00:00:35]} {[%emt 00:00:30]} Bd7 {[%clk 00:00:58]} {[%emt 00:00:18]} 54. Ng6
{[%clk 00:00:33]} {[%emt 00:00:32]} Bc6 {[%clk 00:01:13]} {[%emt 00:00:15]} 55.
Rf5 {[%clk 00:00:37]} {[%emt 00:00:26]} Bd7 {[%clk 00:00:58]} {[%emt 00:00:45]}
56. Re5 {[%clk 00:01:07]} Kf7 {[%clk 00:01:01]} {[%emt 00:00:28]} 57. Kg3
{[%clk 00:00:39]} {[%emt 00:00:57]} Kf6 {[%clk 00:01:26]} {[%emt 00:00:05]} 58.
Rxe8 {[%clk 00:00:42]} {[%emt 00:00:27]} Bxe8 {[%clk 00:01:55]} {[%emt
00:00:01]} 59. Nh4 {[%clk 00:00:57]} {[%emt 00:00:15]} Ke5 {[%clk 00:01:37]}
{[%emt 00:00:49]} 60. Nf3+ {[%clk 00:01:13]} {[%emt 00:00:14]} Kd5 {[%clk
00:02:05]} {[%emt 00:00:02]} 61. Kf4 {[%clk 00:01:28]} {[%emt 00:00:15]} Bd7
{[%clk 00:01:48]} {[%emt 00:00:47]} 62. Nh4 {[%clk 00:00:45]} {[%emt 00:01:13]}
Ke6 {[%clk 00:01:33]} {[%emt 00:00:44]} 63. Nf5 {[%clk 00:00:35]} {[%emt
00:00:41]} Kf6 {[%clk 00:02:00]} {[%emt 00:00:03]} 64. Nd6 {[%clk 00:00:37]}
{[%emt 00:00:27]} Ke6 {[%clk 00:02:26]} {[%emt 00:00:05]} 65. Ne4 {[%clk
00:00:51]} {[%emt 00:00:16]} Be8 {[%clk 00:02:34]} {[%emt 00:00:22]} 66. Ng3
{[%clk 00:00:59]} {[%emt 00:00:22]} Kf6 {[%clk 00:02:49]} {[%emt 00:00:15]} 67.
Nf5 {[%clk 00:00:58]} {[%emt 00:00:30]} Bd7 {[%clk 00:03:02]} {[%emt 00:00:17]}
68. Nd6 {[%clk 00:01:02]} {[%emt 00:00:26]} Ke6 {[%clk 00:03:30]} {[%emt
00:00:03]} 69. Nc4 {[%clk 00:00:43]} {[%emt 00:00:49]} Be8 {[%clk 00:03:22]}
{[%emt 00:00:38]} 70. Ne3 {[%clk 00:00:51]} {[%emt 00:00:22]} Bf7 {[%clk
00:01:55]} {[%emt 00:01:58]} 71. Nf5 {[%clk 00:00:41]} {[%emt 00:00:39]} Kf6
{[%clk 00:02:18]} {[%emt 00:00:06]} 72. Nd6 {[%clk 00:00:52]} {[%emt 00:00:19]}
Be6 {[%clk 00:02:32]} {[%emt 00:00:16]} 73. Nb5 {[%clk 00:01:10]} {[%emt
00:00:13]} a5 {[%clk 00:02:53]} {[%emt 00:00:09]} 74. a4 {[%clk 00:01:06]}
{[%emt 00:00:33]} Ke7 {[%clk 00:00:40]} {[%emt 00:02:44]} 75. Na3 {[%clk
00:01:34]} {[%emt 00:00:03]} Kd6 {[%clk 00:00:37]} {[%emt 00:00:33]} 76. Nc4+
{[%clk 00:02:03]} Kc6 {[%clk 00:00:38]} {[%emt 00:00:29]} 77. Ne3 {[%clk
00:02:32]} b5 {[%clk 00:00:37]} {[%emt 00:00:32]} 78. Nf5 {[%clk 00:01:55]}
{[%emt 00:01:07]} bxa4 {[%clk 00:01:01]} {[%emt 00:00:06]} 79. bxa4 {[%clk
00:02:24]} Ba2 {[%clk 00:01:12]} {[%emt 00:00:19]} 80. Nxg7 {[%clk 00:02:30]}
{[%emt 00:00:25]} Bb1 {[%clk 00:01:34]} {[%emt 00:00:08]} 81. g5 {[%clk
00:02:22]} {[%emt 00:00:38]} hxg5+ {[%clk 00:01:41]} {[%emt 00:00:23]} 82. Kxg5
{[%clk 00:02:51]} Bxc2 {[%clk 00:01:39]} {[%emt 00:00:32]} 83. h6 {[%clk
00:03:17]} {[%emt 00:00:04]} Bxd3 {[%clk 00:02:04]} {[%emt 00:00:05]} 84. Nf5
{[%clk 00:03:46]} {[%emt 00:00:02]} Kd5 {[%emt 00:00:22]} 1-0